Statistics for Red Hot Chili Peppers "The Getaway" tracklist

Click here to take the quiz!

General Stats

  • This quiz has been taken 11 times
  • The average score is 11 of 15

Answer Stats

HintAnswer% Correct
2 (Lead Single)Dark Necessities
100%
1The Getaway
100%
5 ( 4th Single)Goodbye Angels
90%
12The Hunter
90%
3We Turn Red
90%
11Encore
80%
8Feasting on the Flowers
80%
7 (2nd Single)Go Robot
80%
4The Longest Wave
80%
10This Ticonderoga
80%
9Detroit
70%
13Dreams of a Samurai
70%
6 (3rd Single)Sick Love
70%
14 (Leaked Track)Kaly
20%
15 (Leaked Track)Outer Space
20%

Score Distribution

Percentile by Number Answered

Percent of People with Each Score

Your Score History

You have not taken this quiz